<?xml version="1.0" encoding="UTF-8"?>
<collection xmlns="http://www.loc.gov/MARC21/slim">
 <record>
  <leader>03498cam a2200697   4500</leader>
  <controlfield tag="001">1132404924</controlfield>
  <controlfield tag="003">DE-627</controlfield>
  <controlfield tag="005">20240429220140.0</controlfield>
  <controlfield tag="007">tu</controlfield>
  <controlfield tag="008">971110s1965    gw |||||      00| ||ger c</controlfield>
  <datafield tag="035" ind1=" " ind2=" ">
   <subfield code="a">(DE-627)1132404924</subfield>
  </datafield>
  <datafield tag="035" ind1=" " ind2=" ">
   <subfield code="a">(DE-576)06240492X</subfield>
  </datafield>
  <datafield tag="035" ind1=" " ind2=" ">
   <subfield code="a">(DE-599)BSZ06240492X</subfield>
  </datafield>
  <datafield tag="035" ind1=" " ind2=" ">
   <subfield code="a">(OCoLC)5725191</subfield>
  </datafield>
  <datafield tag="035" ind1=" " ind2=" ">
   <subfield code="a">(OCoLC)05725191</subfield>
  </datafield>
  <datafield tag="035" ind1=" " ind2=" ">
   <subfield code="a">(AT-OBV)AC05365146</subfield>
  </datafield>
  <datafield tag="040" ind1=" " ind2=" ">
   <subfield code="a">DE-627</subfield>
   <subfield code="b">ger</subfield>
   <subfield code="c">DE-627</subfield>
   <subfield code="e">rakwb</subfield>
  </datafield>
  <datafield tag="041" ind1=" " ind2=" ">
   <subfield code="a">ger</subfield>
  </datafield>
  <datafield tag="044" ind1=" " ind2=" ">
   <subfield code="c">XA-DE</subfield>
  </datafield>
  <datafield tag="082" ind1="0" ind2=" ">
   <subfield code="a">936.3</subfield>
  </datafield>
  <datafield tag="082" ind1="0" ind2=" ">
   <subfield code="a">936.3</subfield>
   <subfield code="q">OCLC</subfield>
   <subfield code="2">20</subfield>
  </datafield>
  <datafield tag="084" ind1=" " ind2=" ">
   <subfield code="a">NF 1265</subfield>
   <subfield code="2">rvk</subfield>
   <subfield code="0">(DE-625)rvk/125211:1202</subfield>
  </datafield>
  <datafield tag="084" ind1=" " ind2=" ">
   <subfield code="a">NF 1305</subfield>
   <subfield code="2">rvk</subfield>
   <subfield code="0">(DE-625)rvk/125211:1212</subfield>
  </datafield>
  <datafield tag="084" ind1=" " ind2=" ">
   <subfield code="a">15.19</subfield>
   <subfield code="2">bkl</subfield>
  </datafield>
  <datafield tag="100" ind1="1" ind2=" ">
   <subfield code="a">Wurm, Karl</subfield>
   <subfield code="d">1911-1978</subfield>
   <subfield code="0">(DE-588)1119162807</subfield>
   <subfield code="0">(DE-627)872465101</subfield>
   <subfield code="0">(DE-576)479746044</subfield>
   <subfield code="4">aut</subfield>
  </datafield>
  <datafield tag="245" ind1="1" ind2="4">
   <subfield code="a">Der Oberlahnkreis</subfield>
   <subfield code="c">bearb. von Karl Wurm</subfield>
  </datafield>
  <datafield tag="264" ind1=" " ind2="1">
   <subfield code="a">Wiesbaden</subfield>
   <subfield code="b">Steiner</subfield>
   <subfield code="c">1965</subfield>
  </datafield>
  <datafield tag="300" ind1=" " ind2=" ">
   <subfield code="a">XI, 191 S., 52 Taf., 6 Faltkt.</subfield>
   <subfield code="b">graph. Darst., Kt.</subfield>
  </datafield>
  <datafield tag="336" ind1=" " ind2=" ">
   <subfield code="a">Text</subfield>
   <subfield code="b">txt</subfield>
   <subfield code="2">rdacontent</subfield>
  </datafield>
  <datafield tag="337" ind1=" " ind2=" ">
   <subfield code="a">ohne Hilfsmittel zu benutzen</subfield>
   <subfield code="b">n</subfield>
   <subfield code="2">rdamedia</subfield>
  </datafield>
  <datafield tag="338" ind1=" " ind2=" ">
   <subfield code="a">Band</subfield>
   <subfield code="b">nc</subfield>
   <subfield code="2">rdacarrier</subfield>
  </datafield>
  <datafield tag="490" ind1="1" ind2=" ">
   <subfield code="a">Inventar der vor- und frühgeschichtlichen Denkmäler von Hessen</subfield>
   <subfield code="v">1</subfield>
  </datafield>
  <datafield tag="500" ind1=" " ind2=" ">
   <subfield code="a">Literaturverz. S. [167] - 177</subfield>
  </datafield>
  <datafield tag="583" ind1="1" ind2=" ">
   <subfield code="a">Archivierung prüfen</subfield>
   <subfield code="c">20240324</subfield>
   <subfield code="f">DE-4165</subfield>
   <subfield code="z">1</subfield>
   <subfield code="2">pdager</subfield>
  </datafield>
  <datafield tag="583" ind1="1" ind2=" ">
   <subfield code="a">Massenentsäuert</subfield>
   <subfield code="c">2023</subfield>
   <subfield code="2">pdager</subfield>
   <subfield code="5">DE-18</subfield>
  </datafield>
  <datafield tag="655" ind1=" " ind2="7">
   <subfield code="a">Inventar</subfield>
   <subfield code="0">(DE-588)4027540-1</subfield>
   <subfield code="0">(DE-627)106284274</subfield>
   <subfield code="0">(DE-576)208971270</subfield>
   <subfield code="2">gnd-content</subfield>
  </datafield>
  <datafield tag="689" ind1="0" ind2="0">
   <subfield code="d">g</subfield>
   <subfield code="0">(DE-588)4122014-6</subfield>
   <subfield code="0">(DE-627)105765457</subfield>
   <subfield code="0">(DE-576)209547995</subfield>
   <subfield code="a">Oberlahnkreis</subfield>
   <subfield code="2">gnd</subfield>
  </datafield>
  <datafield tag="689" ind1="0" ind2="1">
   <subfield code="d">s</subfield>
   <subfield code="0">(DE-588)4071507-3</subfield>
   <subfield code="0">(DE-627)104642874</subfield>
   <subfield code="0">(DE-576)209184205</subfield>
   <subfield code="a">Funde</subfield>
   <subfield code="2">gnd</subfield>
  </datafield>
  <datafield tag="689" ind1="0" ind2="2">
   <subfield code="d">s</subfield>
   <subfield code="0">(DE-588)4078951-2</subfield>
   <subfield code="0">(DE-627)10607590X</subfield>
   <subfield code="0">(DE-576)209210567</subfield>
   <subfield code="a">Vor- und Frühgeschichte</subfield>
   <subfield code="2">gnd</subfield>
  </datafield>
  <datafield tag="689" ind1="0" ind2=" ">
   <subfield code="5">DE-101</subfield>
  </datafield>
  <datafield tag="689" ind1="1" ind2="0">
   <subfield code="d">g</subfield>
   <subfield code="0">(DE-588)4122014-6</subfield>
   <subfield code="0">(DE-627)105765457</subfield>
   <subfield code="0">(DE-576)209547995</subfield>
   <subfield code="a">Oberlahnkreis</subfield>
   <subfield code="2">gnd</subfield>
  </datafield>
  <datafield tag="689" ind1="1" ind2="1">
   <subfield code="d">s</subfield>
   <subfield code="0">(DE-588)4146138-1</subfield>
   <subfield code="0">(DE-627)104790431</subfield>
   <subfield code="0">(DE-576)209746750</subfield>
   <subfield code="a">Bodendenkmal</subfield>
   <subfield code="2">gnd</subfield>
  </datafield>
  <datafield tag="689" ind1="1" ind2="2">
   <subfield code="a">z</subfield>
   <subfield code="2">gnd</subfield>
   <subfield code="a">Vor- und Frühgeschichte</subfield>
  </datafield>
  <datafield tag="689" ind1="1" ind2=" ">
   <subfield code="5">(DE-627)</subfield>
  </datafield>
  <datafield tag="787" ind1="0" ind2="8">
   <subfield code="i">Rezension</subfield>
   <subfield code="a">Gollub, Siegfried, 1915 - 1983</subfield>
   <subfield code="t">[Rezension von: Karl Wurm, Der Oberlahnkreis]</subfield>
   <subfield code="d">1965</subfield>
   <subfield code="w">(DE-627)174838189X</subfield>
  </datafield>
  <datafield tag="830" ind1=" " ind2="0">
   <subfield code="a">Inventar der vor- und frühgeschichtlichen Denkmäler von Hessen</subfield>
   <subfield code="v">1</subfield>
   <subfield code="9">1</subfield>
   <subfield code="w">(DE-627)169502198</subfield>
   <subfield code="w">(DE-576)032969988</subfield>
   <subfield code="w">(DE-600)998608-X</subfield>
   <subfield code="7">ns</subfield>
  </datafield>
  <datafield tag="889" ind1=" " ind2=" ">
   <subfield code="w">(DE-576)451947819</subfield>
  </datafield>
  <datafield tag="889" ind1=" " ind2=" ">
   <subfield code="w">(DE-627)185118232</subfield>
  </datafield>
  <datafield tag="935" ind1=" " ind2=" ">
   <subfield code="i">mdedup</subfield>
  </datafield>
  <datafield tag="936" ind1="r" ind2="v">
   <subfield code="a">NF 1265</subfield>
   <subfield code="b">Einzelbeiträge</subfield>
   <subfield code="k">Geschichte</subfield>
   <subfield code="k">Ur- und Frühgeschichte / Prähistorische Archäologie</subfield>
   <subfield code="k">Allgemeine und europäische Ur- und Frühgeschichte nach Epochen</subfield>
   <subfield code="k">Zeitlich übergreifende Darstellungen</subfield>
   <subfield code="k">Europa</subfield>
   <subfield code="k">Mitteleuropa (Deutschland, Österreich, Schweiz)</subfield>
   <subfield code="k">Deutschland</subfield>
   <subfield code="k">Einzelbeiträge</subfield>
   <subfield code="0">(DE-627)1270876007</subfield>
   <subfield code="0">(DE-625)rvk/125211:1202</subfield>
   <subfield code="0">(DE-576)200876007</subfield>
  </datafield>
  <datafield tag="936" ind1="r" ind2="v">
   <subfield code="a">NF 1305</subfield>
   <subfield code="b">Einzelbeiträge</subfield>
   <subfield code="k">Geschichte</subfield>
   <subfield code="k">Ur- und Frühgeschichte / Prähistorische Archäologie</subfield>
   <subfield code="k">Allgemeine und europäische Ur- und Frühgeschichte nach Epochen</subfield>
   <subfield code="k">Zeitlich übergreifende Darstellungen</subfield>
   <subfield code="k">Europa</subfield>
   <subfield code="k">Mitteleuropa (Deutschland, Österreich, Schweiz)</subfield>
   <subfield code="k">Deutschland</subfield>
   <subfield code="k">West- und Mitteldeutschland</subfield>
   <subfield code="k">Einzelbeiträge</subfield>
   <subfield code="0">(DE-627)1399013947</subfield>
   <subfield code="0">(DE-625)rvk/125211:1212</subfield>
   <subfield code="0">(DE-576)329013947</subfield>
  </datafield>
  <datafield tag="936" ind1="b" ind2="k">
   <subfield code="a">15.19</subfield>
   <subfield code="j">Vor- und Frühgeschichte</subfield>
   <subfield code="q">coli-conc RVK-&gt;BK</subfield>
   <subfield code="0">(DE-627)10640329X</subfield>
  </datafield>
  <datafield tag="951" ind1=" " ind2=" ">
   <subfield code="a">BO</subfield>
  </datafield>
  <datafield tag="990" ind1=" " ind2=" ">
   <subfield code="a">Oberlahnkreis</subfield>
  </datafield>
  <datafield tag="990" ind1=" " ind2=" ">
   <subfield code="a">Funde</subfield>
  </datafield>
  <datafield tag="990" ind1=" " ind2=" ">
   <subfield code="a">Vor- und Frühgeschichte</subfield>
  </datafield>
  <datafield tag="990" ind1=" " ind2=" ">
   <subfield code="a">Oberlahnkreis</subfield>
  </datafield>
  <datafield tag="990" ind1=" " ind2=" ">
   <subfield code="a">Bodendenkmal</subfield>
  </datafield>
  <datafield tag="990" ind1=" " ind2=" ">
   <subfield code="a">Vor- und Frühgeschichte</subfield>
  </datafield>
  <datafield tag="991" ind1=" " ind2=" ">
   <subfield code="a">Rezensiertes Werk</subfield>
  </datafield>
  <datafield tag="999" ind1=" " ind2=" ">
   <subfield code="a">KXP-PPN1132404924</subfield>
   <subfield code="e">4564380672</subfield>
  </datafield>
 </record>
</collection>
